[Event "DOM-ch U20"]
[Site "Santo Domingo"]
[Date "2015.09.25"]
[Round "4"]
[White "Bello, Darwin"]
[Black "Araujo Sanchez, Josue"]
[Result "1-0"]
[WhiteElo "1605"]
[BlackElo "1771"]
[PlyCount "109"]
[EventDate "2015.09.24"]
[EventType "swiss"]
[EventRounds "8"]
[EventCountry "DOM"]
[SourceTitle "EXT 2017"]
[Source "ChessBase"]
[SourceDate "2016.10.25"]
[SourceVersion "1"]
[SourceVersionDate "2016.10.25"]
[SourceQuality "1"]

1. d4 Nf6 2. e3 g6 3. f4 Bg7 4. Bd3 d6 5. e4 Nc6 6. c3 e5 7. Nf3 Bg4 8. Be3 Nh5 9. fxe5 dxe5 10. d5 Ne7 11. 0-0 f5 12. h3 Bxf3 13. Rxf3 0-0 14. Qb3 Kh8 15. Nd2 fxe4 16. Rxf8+ Bxf8 17. Bxe4 Nf6 18. Rd1 Nxe4 19. Nxe4 Nf5 20. Bg5 Qc8 21. c4 a5 22. Qc3 Bd6 23. Bf6+ Kg8 24. Bxe5 Qd8 25. Rf1 Qh4 26. Bxd6 cxd6 27. Qf3 Re8 28. g4 Kg7 29. gxf5 Rxe4 30. fxg6 Qg5+ 31. Kh1 Qe7 32. gxh7 Kh8 33. b3 Re1 34. Kg2 Qg5+ 35. Kh1 Rxf1+ 36. Qxf1 Qe5 37. Qf2 Qe4+ 38. Kh2 Qe5+ 39. Kg2 Qe4+ 40. Kg1 Qe5 41. Kg2 Qe4+ 42. Kg3 Qe5+ 43. Kg4 Qe4+ 44. Kg5 Qe5+ 45. Qf5 Qg3+ 46. Kf6 Qg7+ 47. Ke6 Qg3 48. Kd7 a4 49. b4 Qh2 50. Qg6 Qxh3+ 51. Kc7 Qxh7+ 52. Qxh7+ Kxh7 53. Kxd6 Kg8 54. Ke7 Kg7 55. d6 1-0